Language Quiz

Random Language or Blitz Quiz

Animal Spelling Bee II Quiz Stats

 Plays Quiz Updated May 15, 2020

Support Sporcle.
Go Orange.
Score 0/15 Timer 00:45
16 Plays Today
% Correct
???
76.7%
???
74.5%
???
73.9%
???
72.6%
???
71.3%
???
70.7%
???
70.5%
???
70.4%
% Correct
???
70.3%
???
69.4%
???
64.2%
???
57.1%
???
50.1%
???
36.9%
???
27.1%

You're not logged in!

Compare scores with friends on all Sporcle quizzes.
OR
Log In

From the Vault

Music Pictograms

by rockgolf

These pictograms were presumably found in some ancient temple somewhere. Of course, this is only further proof that Paul is dead.
Remove Ads.
Support Sporcle.
Get the best of Sporcle when you Go Orange. This ad-free experience offers more features, more stats, and more fun while also helping to support Sporcle. Thank you for becoming a member.

Show Comments

Extras

Top Quizzes Today


Score Distribution

Your Account Isn't Verified!

In order to create a playlist on Sporcle, you need to verify the email address you used during registration. Go to your Sporcle Settings to finish the process.

Report this User

Report this user for behavior that violates our Community Guidelines.

Details: